00525nam a2200145 4500008004100000082001600041245002200057260004800079300001500127650002300142942000700165952009600172952009600268999001500364240701b |||||||| |||| 00| 0 eng d a305.42bWOM aWomen's manifesto aColombo:b[Women's political forum?],cn.d. a15 p.;25cm aFEMINISM-Sri Lanka cRP 00102ddc4070aMAINbMAINd2024-07-01l0o305.42 WOMpRAF5332r2024-07-01w2024-07-01yRP 00102ddc4070aMAINbMAINd2024-07-01l0o305.42 WOMpRAF5333r2024-07-01w2024-07-01yRP c4949d4949